| 000 | 00404nam a22001577a 4500 | ||
|---|---|---|---|
| 999 |
_c60688 _d60688 |
||
| 005 | 20231009112649.0 | ||
| 008 | 231009s1983 gw ||||| |||| 00| 0 ger d | ||
| 041 | _ager | ||
| 080 | _a94 E-20 | ||
| 100 |
_aEckardt, Götz _920032 |
||
| 245 |
_aSchloss Sanssouci / _cEckardt Götz. |
||
| 264 |
_aPotsdam, _c1983. |
||
| 300 |
_a80 p. : _bill.; _c20 cm. |
||
| 653 | _aისტორია | ||
| 942 |
_2udc _cBK |
||